Religión 2 : (Registro nro. 9522)

Detalles MARC
000 -LIDER
fixed length control field 01448nam a2200349 a 4500
001 - NÚMERO DE CONTROL
Identificador de número de control 00003812
003 - IDENTIFICACDOR DE NÚMERO DE CONTROL
control field DO-SdBNP
005 - DATE AND TIME OF LATEST TRANSACTION
control field 20180312092849.0
007 - CAMPOS FIJOS DE DESCRIPCIÓN FÍSICA
fixed length control field 00003812
008 - ELEMENTOS DE LONGITUD FIJA
fixed length control field 091117s2001 dr abc 000 0 spa d
020 ## - ISBN
International Standard Book Number 8482614150
040 ## - FUENTE DE CATALOGACIÓN
Agencia que crea de manera original el registro BPMSU
Idioma de catalogación spa
Agencia que realiza la transcripción BPMSU
092 ## - LOCALLY ASSIGNED DEWEY DECIMAL CALL NUMBER
Número de clasificación 372.84
Número de ítem (Cutter) R696r 2do. 2001
100 1# - ASIENTO PRINCIPAL -- NOMBRE PERSONAL
Nombre personal Rodríguez, Federico
245 00 - MENCIÓN DE TITULO
Título Religión 2 :
Subtítulo [educación básica] /
Mención de responsabilidad Federico Rodríguez ; dirección editorial Obdulia García de Escobar
246 13 - VARIACION DEL TÍTULO
Título propiamente dicho o título corto Religión :
Subtítulo formación integral, humana y religiosa /
260 ## - PUBLICACIÓN, DISTRIBUCIÓN, ETC. (PIE DE IMPRENTA)
Lugar de publicación, distribución, etc Santo Domingo :
Nombre del editor, distribuidor, etc. Santillana,
Fecha de publicación, distribución, etc 2001.
300 ## - DESCRIPCIÓN FÍSICA
Extensión 63 p. :
Otros detalles físicos il. ;
Dimensiones 28 cm.
490 1# - MENCIÓN DE SERIES
Mención de serie Umbral
505 ## - NOTA DE CONTENIDO
Título ¿Cómo hablan los hermanos? --
-- ¿Que hacemos cuando nos enfadamos? --
-- ¿Cómo nos ayudamos? --
-- ¿Cómo celebramos las fiestas? --
-- ¿Qué hacemos el domingo? --
-- ¿Quién es Jesús? --
-- ¿Qué hizo Jesús? --
-- ¿Como habla Jesus?
-- ¿Dónde está Jesús? --
-- ¿Qué celebramos en navidad?
650 #4 - ENCABEZAMIENTO DE MATERIA--TEMÁTICO
Término temático o nombre geográfico como elemento de entrada RELIGIÓN
Subdivisión temática general ENSEÑANZA BÁSICA
650 #4 - ENCABEZAMIENTO DE MATERIA--TEMÁTICO
Término temático o nombre geográfico como elemento de entrada RELIGIÓN
Subdivisión temática general LIBROS DE TEXTOS
650 #4 - ENCABEZAMIENTO DE MATERIA--TEMÁTICO
Término temático o nombre geográfico como elemento de entrada RELIGIÓN
Subdivisión temática general EDUCACIÓN PRIMARIA
650 #4 - ENCABEZAMIENTO DE MATERIA--TEMÁTICO
Término temático o nombre geográfico como elemento de entrada RELIGIÓN
Subdivisión temática general ESTUDIOS Y EJERCICIOS
650 #4 - ENCABEZAMIENTO DE MATERIA--TEMÁTICO
Término temático o nombre geográfico como elemento de entrada EDUCACIÓN PRIMARIA
Subdivisión geográfica REPÚBLICA DOMINICANA
700 12 - ASIENTO SECUNDARIO -- NOMBRE PERSONAL
Nombre personal García de Escobar, Obdulia,
Mención de responsabilidad ed.
700 12 - ASIENTO SECUNDARIO -- NOMBRE PERSONAL
Nombre personal Núñez, Ruddy,
Mención de responsabilidad il.
830 #0 - ASIENTO SECUNDARIO DE SERIE--TÍTULO UNIFORME
Título uniforme Umbral
942 ## - ADDED ENTRY ELEMENTS (KOHA)
Source of classification or shelving scheme Dewey Decimal Classification
Koha item type Libros
945 ## - INFORMACIÓN DE PROCESAMIENTO LOCAL
Información de procesamiento local inventariado, 2018 / dg
956 ## - LOCAL ELECTRONIC LOCATION AND ACCESS (OCLC)
Nombre de host LOPEREZ
Número de acceso 10
Información de compresión 20160428
Inicio de sesión BPMSU
Procesador de solicitud 00041
Existencias
Withdrawn status Lost status Source of classification or shelving scheme Damaged status Not for loan Home library Current library Date acquired Total Checkouts Full call number Barcode Date last seen Price effective from Koha item type Collection code Copy number
    Dewey Decimal Classification     Biblioteca Pública Metropolitana Salomé Ureña Biblioteca Pública Metropolitana Salomé Ureña 04/04/2016   372.84 R696r 2do. 2001 BPMSU16040068 04/04/2016 04/04/2016 Libros    
    Dewey Decimal Classification     Biblioteca Pública Metropolitana Salomé Ureña Biblioteca Pública Metropolitana Salomé Ureña 04/04/2016   372.84 R696r 2do. 2001 BPMSU16040069 04/04/2016 04/04/2016 Libros Colección Escolar ej. 2